00249nam a22000977a 4500040001200000082001300012100004500025245003100070260004000101300001000141 cMSOHAIL a891.4393 aShaukat Siddiqui - شوکت صدیقی aKamingah / کمین گاہ aKarachibRakitab Publicationcc2009 a144;p